000 00717nam a2200229Ia 4500
005 20241129110122.0
008 241129s9999||||xx |||||||||||||| ||und||
020 _a9781538167731
037 _aTB
040 _aARTS
_beng
_cARTS
041 _aeng
_2eng
084 _a2:7(D65,8(B)) R3(2D)
_qARTS
100 _aMarkey Karen Au.
_9727274
245 0 _aOnline searching: a guide to finding quality informationb efficiently and effectively
_cMarkey Karen Au.
250 _a3rd
260 _aUK
_bRowman and Littlefield
_c2023
300 _axviii,275p.
365 _aUKP
_b45
650 _aLibrary ScienceComputer Application
_9727275
942 _cTB
_h2:7(D65,8(B)) R3(2D)
999 _c1227375
_d1227375